10 Biggest Cities in Argentina - Statistics

General Stats
  • This quiz has been taken 51 times
  • The average score is 5 of 10
Answer Stats
Hint Answer % Correct
16,224,751 Buenos Aires
100%
1,705,741 Córdoba
95%
1,429,292 Rosario
91%
1,056,893 Mendoza
80%
671,015 Salta
52%
1,052,194 San Miguel de Tucumán
39%
644,234 Mar del Plata
36%
546,613 San Juan
36%
500,336 Neuquén-Plottier
0%
530,027 Sante Fe
0%
No matching quizzes found
Score Distribution
Percent of People with Each Score
Percentile by Number Answered
Your Score History
You have not taken this quiz